Information technology and intellectual property law /
Enregistré dans:
| Auteur principal: | |
|---|---|
| Format: | Livre |
| Publié: |
London ; New York :
Bloomsbury Professional,
2019.
|
| Édition: | 6th ed. |
| Sujets: | |
| Tags: |
Ajouter un tag
Pas de tags, Soyez le premier à ajouter un tag!
|
MARC
| LEADER | 00000cam a2200000 i 4500 | ||
|---|---|---|---|
| 020 | |a 9781526506849 |c Tzs 679,320/= | ||
| 020 | |a 9781526506849 |c Tzs 679,320/= | ||
| 040 | |a MU Library |b eng |e AACR |c MU Library | ||
| 082 | |a 343.410999 BAI | ||
| 100 | 1 | |a Bainbridge, David I., | |
| 245 | 1 | 0 | |a Information technology and intellectual property law / |c David I. Bainbridge, |
| 250 | |a 6th ed. | ||
| 260 | |a London ; New York : |b Bloomsbury Professional, |c 2019. | ||
| 300 | |a xlvi, 660 p.: |c 22 cm. | ||
| 504 | |a Includes bibliographical references and index. | ||
| 650 | 0 | |a Copyright |z Great Britain. | |
| 650 | 0 | |a Computer programs | Computers--Law and legislation | Computer programs--Patents |Copyright--Computer programs |z Great Britain | |
| 650 | 0 | |a Copyright licences |z Great Britain. | |
| 942 | |c BK | ||
| 999 | |c 113 |d 113 | ||